NCAAM Basketball Logo Quiz: Big West - Statistics

General Stats
  • This quiz has been taken 258 times
  • The average score is 7 of 11
Answer Stats
Picture Answer % Correct
Hawai'i
96%
UC Irvine
79%
UC Santa Barbara
76%
Cal Poly
73%
Long Beach St.
68%
UC Riverside
66%
CSU Fullerton
60%
UC San Diego
49%
UC Davis
47%
CSU Bakersfield
43%
CSU Northridge
36%
No matching quizzes found
Score Distribution
Percent of People with Each Score
Percentile by Number Answered
Your Score History
You have not taken this quiz